000 00308nam a22001337a 4500
008 170511b xxu||||| |||| 00| 0 eng d
020 _a9780314145345
041 _aeng
080 _27TH
_a343.9
100 _a15
101 _aSHJ
245 _aAMERICAN CRIMINAL PROCEDURE
_cSALTZBURG, S.A
942 _2udc
_cBK
999 _c13178
_d13178